=LDR 00000nam 2200000 4500 =001 INLIS000000000809740 =008 ###################################ind## =035 ##$$a 0010-0825000233 =245 ##$$a Asyiknya Matematika / $c illah =020 ##$$a 2397994157645 =084 ##$$a 582 LAH a =082 ##$$a 582